LIBRARY ONLINE CATALOGUE

Nutrition for Health and Health Care (Record no. 16721)

MARC details
000 -LEADER
fixed length control field 00608nam a22002177a 4500
003 - CONTROL NUMBER IDENTIFIER
control field OSt
005 - DATE AND TIME OF LATEST TRANSACTION
control field 20180319120154.0
008 - FIXED-LENGTH DATA ELEMENTS--GENERAL INFORMATION
fixed length control field 180319b xxu||||| |||| 00| 0 eng d
020 ## - INTERNATIONAL STANDARD BOOK NUMBER
International Standard Book Number 9781133599111
040 ## - CATALOGING SOURCE
Transcribing agency KABU
050 ## - LIBRARY OF CONGRESS CALL NUMBER
Classification number QP 143
Item number .D73 2014 C.1
100 ## - MAIN ENTRY--PERSONAL NAME
Personal name DeBrune, Kelly Linda
245 ## - TITLE STATEMENT
Title Nutrition for Health and Health Care
Statement of responsibility, etc. Linda Kelly DeBruyne and Kathryn Pinna
250 ## - EDITION STATEMENT
Edition statement 5th ed.
260 ## - PUBLICATION, DISTRIBUTION, ETC. (IMPRINT)
Place of publication, distribution, etc. USA
Name of publisher, distributor, etc. Cengage learning
Date of publication, distribution, etc. 2014
300 ## - PHYSICAL DESCRIPTION
Extent xxii, 673p
650 ## - SUBJECT ADDED ENTRY--TOPICAL TERM
Topical term or geographic name as entry element Nutritionally induced diseases
650 ## - SUBJECT ADDED ENTRY--TOPICAL TERM
Topical term or geographic name as entry element Diiet therapy
700 ## - ADDED ENTRY--PERSONAL NAME
Personal name Kathryn Pinna
942 ## - ADDED ENTRY ELEMENTS (KOHA)
Source of classification or shelving scheme Library of Congress Classification
Koha item type General Collection
Holdings
Withdrawn status Lost status Source of classification or shelving scheme Not for loan Home library Current library Date acquired Cost, normal purchase price Inventory number Total Checkouts Total Renewals Full call number Barcode Date last seen Date last checked out Copy number Price effective from Koha item type
    Library of Congress Classification   Kabarak, Main Campus Kabarak, Main Campus 19/03/2018 5220.00 2018/0008 21 1 QP 143 .D73 2014 C.1 027918 06/08/2025 05/08/2025 C. 1 19/03/2018 General Collection
    Library of Congress Classification   Kabarak, Main Campus Kabarak, Main Campus 19/03/2018 5250.00 2018/0006 18 1 QP 143 .D73 2014 C.2 027923 05/11/2024 16/10/2024 C. 2 19/03/2018 General Collection
    Library of Congress Classification   Kabarak, Main Campus Kabarak, Main Campus 19/03/2018 5250.00 2018/0006 14   QP 143 .D73 2014 C.3 027921 09/04/2024 21/03/2024 C. 3 19/03/2018 General Collection